| 000 | 01152cam a22003497a 4500 | ||
|---|---|---|---|
| 003 | CHAP | ||
| 005 | 20220329141613.0 | ||
| 008 | 971013s1914 r 00010 d | ||
| 010 | _a70861 | ||
| 011 | _a71833 | ||
| 035 | _a81387 | ||
| 040 | _cCHAP | ||
| 090 | _aFolleto 5806 | ||
| 100 | 0 | 0 |
_aCalvino, Mario. _917613 |
| 245 | 0 | _aInforme de la División de Horticultura relativo al año de 1913 | |
| 260 |
_aMéxico, D.F. : _bEstación Agrícola Central, _c1914 |
||
| 300 |
_a63 p. _b: ilus. |
||
| 410 | _aEstación Agrícola Central | ||
| 490 | 0 |
_aBoletín _v; 79 |
|
| 590 |
_aBATCH-UPD _b10 _c20130110 _lUCH01 _h0421 |
||
| 590 |
_aBATCH-UPD _b10 _c20130110 _lUCH01 _h2142 |
||
| 590 |
_aBATCH-UPD _b10 _c20130410 _lUCH01 _h0056 |
||
| 590 |
_aBATCH-UPD _b10 _c20130914 _lUCH01 _h0651 |
||
| 590 |
_aCONVERSION _b10 _c20130109 _lUCH01 _h1339 |
||
| 650 | 1 | 4 |
_aHorticultura _xMéxico. _956357 |
| 710 | 0 |
_aMéxico. Secretaría de Fomento. División de Horticultura. _977179 |
|
| 810 | 0 | 0 |
_aEstación Agrícola Central _938201 |
| 830 | 0 |
_aBoletín _v; 79 _913507 |
|
| 901 | _aBK | ||
| 942 | _cFOLL | ||
| 949 |
_aFolleto 5806 _bBC _cBPP _d-34703 _eBPP _i81387 _mD _si |
||
| 999 |
_c70861 _d70861 |
||